000 00674nam a2200193 i 4500
001 96936
003 ES-MaACL
005 20250805062607.0
007 t|
008 050704s1936 sp |||| | spa d
100 1 _aMannheim, Karl,
_d1893-1947
_976063
245 1 3 _aEl hombre y la sociedad en la época de crisis
_b= (Mensch und gesellschaft im zeitalter des umbaus) /
_cKarl Mannheim ; traducción de Francisco Ayala.
260 _aMadrid :
_bRevista de Derecho Privado,
_c1936.
300 _a268 p. ;
_c23 cm.
650 7 _aSociología
_2embne
_917195
700 1 _aAyala, Francisco,
_d1906-2009
_924111
852 _aES-MaACL
_jA-4152
999 _c96936
_d96936